| 000 | 00000nam 2200000zi 4500 |
| 001 | 9.884901 |
| 003 | CaOODSP |
| 005 | 20241202141026 |
| 006 | m o d f |
| 007 | cr cn||||||||| |
| 008 | 200220s2020 onc o f000 0 spa d |
| 020 | |a9780660341903 |
| 040 | |aCaOODSP|bfre|erda|cCaOODSP |
| 043 | |an-cn--- |
| 086 | 1 |aCi4-204/2020Sp-PDF |
| 086 | 1 |aCi4-204/2020Spa-PDF |
| 245 | 00|aQué es el permiso de trabajo abierto para trabajadores vulnerables? |
| 250 | |a[Édition espagnol]. |
| 264 | 1|a[Ottawa] : |bImmigration, réfugiés et citoyenneté Canada = Immigration, Refugees and Citizenship Canada, |c[2020] |
| 300 | |a1 ressource en ligne (1 page) |
| 336 | |atexte|btxt|2rdacontent/fre |
| 337 | |ainformatique|bc|2rdamedia/fre |
| 338 | |aressource en ligne|bcr|2rdacarrier/fre |
| 500 | |aPublié aussi en français sous le titre : Qu'est-ce que le permis de travail ouvert pour les travailleurs vulnérables?. |
| 500 | |a« IRCC-2917-05-2020. » |
| 546 | |aTexte en espagnol. |
| 650 | 6|aTravailleurs étrangers|xViolence envers|xPolitique gouvernementale|zCanada. |
| 650 | 6|aTravailleurs étrangers|xTravail|xPolitique gouvernementale|zCanada. |
| 710 | 1 |aCanada. |bImmigration, réfugiés et citoyenneté Canada, |eorganisme de publication. |
| 775 | 08|tQu'est-ce que le permis de travail ouvert pour les travailleurs vulnérables?|w(CaOODSP)9.884852 |
| 791 | |tQué es el permiso de trabajo abierto para trabajadores vulnerables?|eeng|w(CaOODSP)9.884853 |
| 794 | |t¿Qué es un permiso de trabajo abierto para trabajadores vulnerables?|w(CaOODSP)9.934748 |
| 856 | 40|qPDF|s679 Ko|uhttps://publications.gc.ca/collections/collection_2021/ircc/Ci4-204-2020-spa.pdf |